Представление документа в формате MARC21

Поле Инд. ПП Название Значение
Тип записи a
Библиографический уровень m
001 Контрольный номер 5fe95a5d-1449-42f6-a87d-ae03affa4e32
005 Дата корректировки 20131112075529.2
008 Кодируемые данные 020121
020 a ISBN 5-87113-107-7
c Цена, тираж 90.00
040 a Служба первич. каталог. НБ ТвГУ
041 a Код языка текста rus
080 a Индекс УДК 947.0"17/18"(092)
a Индекс УДК 929Романовы
084 a Индекс другой классификации/Индекс ББК Т3(2)47-532.1
a Индекс другой классификации/Индекс ББК Т3(2)464-532.1
090 x Авторский знак Д18
a Полочн. индекс Т3(2)47
100 1_ a Автор Данилова Альбина
245 10 a Заглавие Пять принцесс
b Продолж. заглавия Дочери императора Павла I : Биогр. хроники
260 0_ a Место издания Москва
b Издательство Изограф
b Издательство ЭКСМО-Пресс
c Дата издания 2001
300 a Объем 461,[1] с.
b Иллюстрации/ тип воспроизводства ил., портр.
583 a Действие Получение впервые 22 15.01.2002
k Исполнитель действия Дар Успенской В.И.
650 a Основная рубрика Романовы, о них
650 a Основная рубрика Россия
650 a Основная рубрика Европа
x Основная подрубрика История
y Хронологическая подрубрика 18-19 вв.
653 a Ключевые слова Русские принцессы
a Ключевые слова Россия
a Ключевые слова История России
a Ключевые слова Павел 1
a Ключевые слова Романовы
a Ключевые слова Императорская семья
a Ключевые слова Дочери Павла 1
a Ключевые слова Европа
a Ключевые слова История Европы
852 t Порядковый номер экземпляра 1
p Инвентарный номер 741864
888 a Бесплатные
952 p 22.2002 90.00 1 741864
c Вид литературы К рн
954 a Дата поступления на обработку 20020124
999 a Подразделение 2 ЦГИ